00321nam a22000977a 4500008004100000082002000041245010700061260003500168300001300203440000700216230620b xxu||||| |||| 00| 0 eng d a305.42bUN 1997 aThe Work of CEDAWbReports on the Committee on the Elimination of Discrimination Against Women (CEDAW) aNew YorkbUnited Nationsc1997 aXVI,143p vIV